00486nam a2200193 a 4500001001300000003000900013005001700022008004100039020001000080082001600090100001600106245003400122260004300156300000900199500003500208505001300243650002000256700001600276nice12345678IN_TiNIC20260116011525.0050524s1920 lona grp 000 0 eng  ac10000a297.32bZWE aZwemer, S M aInfluence of Animism on Islam aLondonbCentral Board of Missionc1920 a246p aincludes index and biblioraphy2 aarchives aOccultism-Islam1 aZwemer, S M